Estatísticas para Países do Mundo em 1938 com Mapa

Clique aqui para jogar o quiz

Estatísticas Gerais

  • Esse quiz foi jogado 2 719 vezes
  • A pontuação média é 63 de 76

Respostas no mapa

Respostas codificadas por cores de uma escala verde-vermelha no mapa do quiz de acordo com a % correta abaixo.
 

Estatísticas das Respostas

País% Correto
Estados Unidos
98%
Brasil
97%
Canadá
97%
China
97%
México
97%
África do Sul
96%
Austrália
96%
Espanha
96%
França
96%
Portugal
96%
União Soviética
96%
Argentina
95%
Chile
95%
Egito
95%
Japão
95%
Reino Unido
95%
Uruguai
95%
Alemanha
94%
Bolívia
94%
Colômbia
94%
Equador
94%
Itália
94%
Paraguai
94%
Peru
94%
Venezuela
94%
Cuba
93%
Mongólia
93%
Suécia
93%
Finlândia
92%
Irlanda
92%
Islândia
92%
Noruega
92%
Arábia Saudita
91%
Nova Zelândia
91%
Panamá
91%
Suíça
91%
Turquia
91%
Bélgica
90%
Grécia
90%
Irã
89%
Países Baixos
89%
Áustria
88%
Dinamarca
88%
Costa Rica
87%
Honduras
87%
Polônia
87%
Estônia
86%
Guatemala
86%
Haiti
86%
Letônia
86%
Lituânia
86%
Nicarágua
86%
El Salvador
85%
Hungria
84%
Iraque
84%
República Dominicana
82%
Romênia
82%
Sião
82%
Nepal
81%
Bulgária
80%
Albânia
79%
Afeganistão
77%
Iugoslávia
75%
Luxemburgo
73%
Iêmen
69%
Tchecoslováquia
68%
Libéria
66%
Andorra
62%
Vaticano
62%
San Marino
59%
Liechtenstein
56%
Mônaco
56%
Tibete
37%
Tuva
13%
Danzigue
10%
Hatay
7%

Distribuição das Pontuações

Percentil de Números Respondidos

Porcentagem de Pessoas com Cada Pontuação

Sua Pontuação Histórica

Você não jogou esse quiz